000 00347nam a2200133Ia 4500
005 20260326235439.0
008 260326s9999||||xx |||||||||||||| ||und||
100 _aBanco Nacional de México
245 0 _aMéxico Monumental /
_cBanco Nacional de México
260 _bExcelsior
300 _a175 p.
650 _aARQUITECTURA COLONIAL
942 _cBK
999 _c7335
_d7335